[Event "COL Subzt 2.3.4"]
[Site "Risarald"]
[Date "2021.11.24"]
[Round "2"]
[White "Pinzon Pinzon, Jose Joaquin"]
[Black "Diaz Avila, Jarett Alexander"]
[Result "0-1"]
[WhiteElo "1639"]
[BlackElo "1147"]
[PlyCount "20"]
[EventDate "2021.11.23"]
[EventType "swiss"]
[EventRounds "9"]
[EventCountry "COL"]
[SourceTitle "CBM 205 Extra"]
[Source "ChessBase"]
[SourceDate "2022.01.31"]
[SourceVersion "1"]
[SourceVersionDate "2022.01.31"]
[SourceQuality "1"]

1. d4 d5 2. c4 Nf6 3. Nf3 e6 4. Bg5 c6 5. e3 Nbd7 6. h3 e5 7. Be2 dxc4 8. Bxc4 exd4 9. Nxd4 Qa5+ 10. Nc3 Qxg5 0-1